La luna entre los espinos /
Guardat en:
| Autor principal: | |
|---|---|
| Format: | Desconegut |
| Idioma: | Spanish |
| Publicat: |
Panamá :
Editorial Mariano Arosemena,
1996.
|
| Matèries: | |
| Etiquetes: |
Afegir etiqueta
Sense etiquetes, Sigues el primer a etiquetar aquest registre!
|
MARC
| LEADER | 000000000a22000000004500 | ||
|---|---|---|---|
| 001 | 003294 | ||
| 008 | 200131b xxu||||| |||| 00| 0 spa d | ||
| 041 | 0 | |a spa | |
| 082 | 0 | 4 | |a P861.44 |b F825L |
| 100 | 1 | |a Franco, José Luciano, |d 1891-1933 | |
| 245 | 1 | 3 | |a La luna entre los espinos / |c José Luciano Franco. |
| 260 | 1 | |a Panamá : |b Editorial Mariano Arosemena, |c 1996. | |
| 300 | |a 110 páginas ; |c 21 cm. | ||
| 650 | 4 | |a LITERATURA PANAMEÑA |9 52 | |
| 650 | 4 | |a POESIA |9 159 | |
| 942 | |c BK |2 ddc | ||
| 999 | |c 9548 |d 9548 | ||
